Los componentes nacional y extranjero en los materiales de construcción

Shranjeno v:
Bibliografske podrobnosti
Glavni avtor: Fonseca Macrini, Ramiro Francisco
Format: Knjiga
Izdano: [San José , Costa Rica] 1985
Teme:
Oznake: Označite
Brez oznak, prvi označite!

MARC

LEADER 00000nam a2200000Ia 4500
003 002746
005 20221231144404.0
008 140114s1985 c a m 000 ||s d
040 |c cru CEDI 
090 |a TFG 1647 
100 |a Fonseca Macrini, Ramiro Francisco  |9 14623 
245 |a Los componentes nacional y extranjero en los materiales de construcción 
260 |c 1985  |a [San José , Costa Rica] 
300 |a  168 hojas ; 28 cm  
500 |a  Proyecto de graduación (licenciatura en ingeniería civil)-- Universidad de Costa Rica. Facultad de Ingeniería. Escuela de Ingeniería Civil 
650 |x MATERIALES DE CONSTRUCCION  |x MATERIAS PRIMAS  |9 14624 
942 |c TFG  |2 ddc 
999 |c 21153  |d 21153